Control systems / (Record no. 37567)

MARC details
000 -LEADER
fixed length control field 00891nam a22002537a 4500
005 - DATE AND TIME OF LATEST TRANSACTION
control field 20100724141056.0
010 ## - LCCN (DPL NO)
LC control number ENG-96672
020 ## - INTERNATIONAL STANDARD BOOK NUMBER
International Standard Book Number 9780070681200
020 ## - INTERNATIONAL STANDARD BOOK NUMBER
International Standard Book Number 0070681201
Terms of availability 375.00
035 ## - SYSTEM CONTROL NUMBER
System control number EN-80205
037 ## - SOURCE OF ACQUISITION
Source of stock number/acquisition DBAD/PUB
082 ## - DEWEY DECIMAL CLASSIFICATION NUMBER
Classification number 629.8
100 ## - MAIN ENTRY--PERSONAL NAME
Personal name Distefano, Joseph J
245 ## - TITLE STATEMENT
Title Control systems /
Statement of responsibility, etc by Joseph J Distefano, Allen R Stubberud and Ivan J Williams
250 ## - EDITION STATEMENT
Edition statement 3rd ed
260 ## - PUBLICATION, DISTRIBUTION, ETC. (IMPRINT)
Place of publication, distribution, etc New Delhi
Name of publisher, distributor, etc Tata McGraw Hill Education
Date of publication, distribution, etc 2010
270 ## - ADDRESS
City Delhi
300 ## - PHYSICAL DESCRIPTION
Extent various pagings
Dimensions 24cm. (pbk)
500 ## - GENERAL NOTE
General note includes bibliographical references and index
700 ## - ADDED ENTRY--PERSONAL NAME
Personal name Stubberud, Allen R
9 (RLIN) 1262
700 ## - ADDED ENTRY--PERSONAL NAME
Personal name Williams, Ivan J
9 (RLIN) 1263
942 ## - ADDED ENTRY ELEMENTS (KOHA)
Source of classification or shelving scheme Dewey Decimal Classification
Item type English Books
Classification part 629.8
Call number suffix DIS
Holdings
Withdrawn status Lost status Not for loan Collection code Home library Current library Date acquired Source of acquisition Cost, normal purchase price Full call number Barcode Copy number Cost, replacement price Koha item type
    Not For Loan Non-fiction D.B.Act.Division D.B.Act.Division 24/07/2010 DBAD/PUB 375.00 629.8 DIS EN-80205 1 375.00 English Books

© Delhi Public Library
Hit Counter
free hit counter